Normal view MARC view
  • SEALE, J. N

Entry Personal Name

Number of records used in: 2

001 - CONTROL NUMBER

  • control field: 74887

003 - CONTROL NUMBER IDENTIFIER

  • control field: NUST

005 - DATE AND TIME OF LATEST TRANSACTION

  • control field: 20210628205318.0

008 - FIXED-LENGTH DATA ELEMENTS

  • fixed length control field: 210628|| aca||aabn | a|a d

040 ## - CATALOGING SOURCE

  • Original cataloging agency: NUST
  • Transcribing agency: NUST

100 ## - HEADING--PERSONAL NAME

  • Personal name: SEALE, J. N

670 ## - SOURCE DATA FOUND

  • Source citation: Work cat.: (NUST): SEALE, J. N, CAR SERVICE DATA,COVERING 1200 BRITISH EUROPEAN AND JAPANEASE CARS AND LIGHT VANS FROM 1970, 1984
© 2023 Central Library, National University of Sciences and Technology. All Rights Reserved.